Music Stars by First Name - Statistics

General Stats
  • This quiz has been taken 6,125 times
    3,379 since last reset
  • The average score is 18 of 30
Answer Stats
Surname First Name % Correct
Swift Taylor
99%
Sheeran Ed
98%
Timberlake Justin
98%
Mars Bruno
97%
Lovato Demi
95%
Styles Harry
95%
Gomez Selena
90%
Derulo Jason
87%
Levine Adam
86%
Grande Ariana
85%
Goulding Ellie
83%
Puth Charlie
79%
Puth Charlie
79%
Trainor Meghan
78%
Buble Michael
73%
Thicke Robin
72%
Rowland Kelly
54%
Murs Olly
53%
Harris Calvin
52%
Larsson Zara
44%
Perri Christina
42%
Allen Lily
36%
Lloyd Cher
30%
Grammer Andy
29%
Doolittle Eliza
20%
Van Buuren Armin
14%
Ruess Nate
11%
O'Donoghue Danny
10%
Monohan Pat
6%
Bay James
2%
No matching quizzes found
Score Distribution
Percent of People with Each Score
Percentile by Number Answered
Your Score History
You have not taken this quiz since the last reset